| 000 | 00658nam a2200193 i 4500 | ||
|---|---|---|---|
| 001 | 72758 | ||
| 003 | ES-MaACL | ||
| 005 | 20240228172243.0 | ||
| 007 | t| | ||
| 008 | 040902m19571958sp ||||1| spa d | ||
| 100 | 1 |
_aGoethe, Johann Wolfgang von, _d1749-1832 _957568 |
|
| 245 | 1 | 0 |
_aObras completas / _cJohann W. Goethe ; recopilación, traducción, estudio preliminar, prólogo y notas de Rafael Cansinos Assens. |
| 250 | _a[3ª ed.]. | ||
| 260 |
_aMadrid : _bAguilar, _c1957-58 ( _fDirección) |
||
| 300 |
_a3 t. ; _c18 cm. |
||
| 700 | 1 |
_aCansinos Asséns, Rafael, _d1882-1964 _934616 |
|
| 852 |
_aES-MaACL _jC-15189-1 _bR.42259 |
||
| 999 |
_c72758 _d72758 |
||